000 00685cab a2200229 4500
001 WB3145-22
008 090401t1995 xxu||||| |||| 00| 0 eng d
035 _a(Sirsi) u40717
041 _aeng
245 _aCapital spending boosted
260 _c1995
350 _a0
490 _aHM Treasury Press Release
_v28 November 1995, (4)
520 _aA package of measures has been designed to boost the input of private finance into public projects.
650 _aCAPITAL SPENDING
650 _aFUTURE
650 _aPRIVATE FINANCE CONTRACTS
650 _aPRIVATE FINANCE INITIATIVE
690 _aPROPERTY-PROPERTY FINANCE AND INVESTMENT
942 _n0
948 _c04/03/1997
999 _c26095
_d26095